[Event "Banja Luka op-B"]
[Site "Banja Luka"]
[Date "2024.04.28"]
[Round "4"]
[White "Mitrovic, Stefan A"]
[Black "Markovic, Milos"]
[Result "1/2-1/2"]
[WhiteElo "1794"]
[BlackElo "1925"]
[PlyCount "68"]
[EventDate "2024.04.26"]
[EventType "swiss"]
[EventRounds "5"]
[EventCountry "BIH"]
[SourceTitle "CBM 220 Extra"]
[Source "ChessBase"]
[SourceDate "2024.07.31"]
[SourceVersion "1"]
[SourceVersionDate "2024.07.31"]
[SourceQuality "1"]

1. e4 e6 2. d4 d5 3. exd5 exd5 4. Bd3 Bd6 5. Nf3 Ne7 6. 0-0 0-0 7. Bg5 h6 8. Bh4 Nbc6 9. c4 Bg4 10. Nbd2 Qd7 11. Qc2 Nf5 12. Bg3 Nxg3 13. hxg3 Rfe8 14. Rfe1 Rxe1+ 15. Rxe1 Re8 16. Nf1 Rxe1 17. Nxe1 Ne7 18. Ne3 Bh5 19. Nf3 c6 20. Nf5 Bc7 21. Nxe7+ Qxe7 22. Bf5 Bxf3 23. gxf3 g6 24. Bd3 Kf8 25. Qd2 Kg7 26. Kg2 h5 27. b3 h4 28. f4 Qe6 29. Qe3 Kf6 30. Be2 hxg3 31. Qxe6+ Kxe6 32. fxg3 Bb6 33. Kf3 c5 34. dxc5 Bxc5 1/2-1/2

[Event "Hvar op U15"]
[Site "Hvar"]
[Date "2018.10.07"]
[Round "5"]
[White "Jujic, Petra"]
[Black "Markovic, Milos"]
[Result "1-0"]
[WhiteElo "1604"]
[BlackElo "1620"]
[PlyCount "107"]
[EventDate "2018.10.05"]
[EventType "swiss"]
[EventRounds "6"]
[EventCountry "CRO"]
[SourceTitle "CBM 187 Extra"]
[Source "ChessBase"]
[SourceDate "2018.11.04"]
[SourceVersion "1"]
[SourceVersionDate "2018.11.04"]
[SourceQuality "1"]

1. e4 c5 2. Nf3 e6 3. c3 d5 4. exd5 exd5 5. d4 c4 6. g3 Nc6 7. Bg2 Be6 8. 0-0 Be7 9. Be3 Qd7 10. Re1 h5 11. h4 0-0-0 12. Nbd2 Bf6 13. b3 Nge7 14. b4 Rdg8 15. a4 Nf5 16. Bf4 Nce7 17. Nf1 Ng6 18. Bd2 Nfxh4 19. Nxh4 Nxh4 20. gxh4 Bxh4 21. Ne3 g5 22. b5 f5 23. Nf1 f4 24. Re5 Qf7 25. Qe1 Re8 26. Nh2 g4 27. Qc1 f3 28. Bh1 Rhg8 29. Bf4 Bf6 30. Qe3 Bd7 31. Rxe8+ Rxe8 32. Qc1 Qg6 33. Kf1 h4 34. Ra2 Qd3+ 35. Kg1 Qf5 36. Kf1 Re4 37. Be3 Kd8 38. Kg1 Be7 39. Kf1 Bd6 40. Kg1 Bxh2+ 41. Kxh2 g3+ 42. fxg3 Qh3+ 43. Kg1 hxg3 44. Bxf3 Re8 45. Rg2 Rh8 46. Kf1 Rf8 47. Bf4 Qh4 48. Bg5+ Kc8 49. Bxh4 Rxf3+ 50. Kg1 Bh3 51. Rxg3 Rf1+ 52. Qxf1 Bxf1 53. Kxf1 b6 54. Rg7 1-0

[Event "Hvar op U15"]
[Site "Hvar"]
[Date "2018.10.07"]
[Round "4"]
[White "Markovic, Milos"]
[Black "Zivcic, Oliver"]
[Result "0-1"]
[WhiteElo "1620"]
[BlackElo "1714"]
[PlyCount "52"]
[EventDate "2018.10.05"]
[EventType "swiss"]
[EventRounds "6"]
[EventCountry "CRO"]
[SourceTitle "CBM 187 Extra"]
[Source "ChessBase"]
[SourceDate "2018.11.04"]
[SourceVersion "1"]
[SourceVersionDate "2018.11.04"]
[SourceQuality "1"]

1. d4 Nf6 2. Bf4 d5 3. e3 c5 4. c3 Nc6 5. Nd2 Bf5 6. Ngf3 e6 7. Bb5 Bd6 8. Bg3 0-0 9. Ne5 Qc7 10. f4 Rac8 11. Bf2 Qb6 12. a4 a6 13. Bxc6 bxc6 14. Ra2 Ne4 15. Nd7 Nxf2 16. Kxf2 Qd8 17. Nxf8 Kxf8 18. Nf3 Qb6 19. Ne5 Ke7 20. g4 Be4 21. Rg1 cxd4 22. Qxd4 Qb3 23. Qa7+ Rc7 24. Nxc6+ Kd7 25. Qxa6 Rxc6 26. Raa1 Rxa6 0-1

[Event "SRB-ch U14"]
[Site "Novi Sad"]
[Date "2018.04.06"]
[Round "6"]
[White "Gajcin, Aleksa"]
[Black "Markovic, Milos"]
[Result "1-0"]
[WhiteElo "1576"]
[BlackElo "1675"]
[PlyCount "43"]
[EventDate "2018.04.02"]
[EventType "swiss"]
[EventRounds "9"]
[EventCountry "SRB"]
[SourceTitle "EXT 2019"]
[Source "ChessBase"]
[SourceDate "2018.10.10"]
[SourceVersion "1"]
[SourceVersionDate "2018.10.10"]
[SourceQuality "1"]

1. e4 c5 2. Nf3 e6 3. c3 d5 4. exd5 exd5 5. d4 cxd4 6. Qa4+ Nc6 7. Nxd4 Bd7 8. Bb5 Qc7 9. 0-0 Bd6 10. h3 Qc8 11. Bg5 a6 12. Bxc6 bxc6 13. Re1+ Kf8 14. Re3 c5 15. Qa3 Qc7 16. Nf3 c4 17. b4 f6 18. Bh4 g5 19. Bg3 Bxg3 20. fxg3 Qxg3 21. b5+ Kf7 22. Ne5+ 1-0